| 000 | 00442nam a22001577a 4500 | ||
|---|---|---|---|
| 020 | _a819366104-4 | ||
| 082 |
_a920 _bBHA/N |
||
| 100 | _aBHANVER, JAGMOHAN, VINEETHA | ||
| 245 | _aNADELLA: MICROSOFTINTE MARUNNA MUGHAM | ||
| 246 |
_aNADELLA: MICROSOFTINTE MARUNNA MUGHAM _bNADELLA: MICROSOFTINTE MARUNNA MUGHAM |
||
| 260 |
_aTHRISSUR _bNIRMALA _c2018 |
||
| 300 | _a80 | ||
| 520 | _aBIOGRAPHY | ||
| 650 | _aBIOGRAPHY IN MALAYALAM | ||
| 942 | _cBK | ||
| 999 |
_c8592 _d8592 |
||